| 000 | 00503nam a2200193Ia 4500 | ||
|---|---|---|---|
| 008 | 131103s9999 xx 000 0 und d | ||
| 040 | _aLoreto College | ||
| 041 | _aEnglish | ||
| 082 |
_a371.3/RYB _bLCBED/1101 |
||
| 100 | _aRyburn, W.M. | ||
| 245 | 4 |
_aThe principles of teaching _cW.M.Ryburn |
|
| 250 | _a3rd ed. | ||
| 260 |
_aLondon _bOxford University Press _c1966 |
||
| 300 |
_a244p. _c 18 cm. |
||
| 504 | _aIncludes index | ||
| 650 | _aEducation | ||
| 850 | _aLCBED/371.3/RYB | ||
| 942 | _cBK | ||
| 999 |
_c27317 _d77796 |
||